Statistics for Top 10 NRL Players Of All Time

Click here to take the quiz!

General Stats

  • This quiz has been taken 352 times
  • The average score is 5 of 10

Answer Stats

Rank Answer % Correct
1Andrew Johns
78%
4Wally Lewis
76%
2Darren Lockyer
66%
8Mal Meninga
50%
9Billy Slater
50%
3Clive Churchill
39%
10Arthur Beetson
37%
5Reg Gasnier
34%
7Dally Messenger
30%
6Steve Menzies
18%

Score Distribution

Percentile by Number Answered

Percent of People with Each Score

Your Score History

You have not taken this quiz